000 00932nam2a2200241 4500
001 RU\NLR\bibl\1957060
005 20250616204655.0
021 _aRU
_b2012-72362
_95343
035 _a(NLR Aleph) 001946132
090 _a3631947
_c3631947
100 _a20121017d2012 |||y0rusy50 ca
101 1 _arus
_cund
102 _aRU
105 _ay |||||||||
200 1 _aКогда исцеляется душа
_f[пер.: Р.Б. Шемпель]
210 _d2012
_aБ. м.
215 _a373, [1] с.
461 0 _1001RU\NLR\bibl\1766016
_12001#$aСестры по лоскутному одеялу$v[Кн. 3]
_91553404
_aВудсмолл, С.
_cСанкт-Петербург
_d2011
_e[2-е изд.]
_fСинди Вудсмолл
_nБиблия для всех
_tСестры по лоскутному одеялу
_v[Кн. 3]
801 0 _aRU
_bNLR
_c20121017
_gRCR
801 1 _aRU
_bNLR
_c20121017
942 _cBOOK
980 _aNB